000 00300nam a22001337a 4500
008 170413b xxu||||| |||| 00| 0 eng d
020 _a0812909143
041 _aeng
080 _a612.39
100 _a10
101 _aSHM
245 _aCRAIG CLAIBORNE'S GOURMET DIET
_cBRODY, J.E
942 _2udc
_cBK
999 _c10653
_d10653